000 00982nam a2200313 i 4500
003 EG-GICUC
005 20260422093922.0
008 260422s1950 fr |||fr|||| 00| 0 fre d
040 _aEG-GiCUC
_bfre
_cEG-GiCUC
_dEG-GiCUC
_eRda
041 _afre
082 0 4 _221
_a343.3844
_bLE . P
092 0 4 _221
099 _aLaw1 10 343.3844 LE . P 1950
100 1 _aLe Clec'h, Jules.
245 1 3 _aLe pourvoi en cassation en matière pénale /
_cJules Le Clec'h.
264 1 _aParis :
_bJuris-classeurs,
_c1950.
300 _a38 page ;
_c 24 cm.
336 _2rda contenu
_a texte
337 _2rda medias
_aOrdinateur
338 _2 transporteur rda
_a Ressource en ligne
500 _a"Extrait du Juris-classeur d'instruction criminelle."
546 _aTexte en français
650 1 4 _aVeto
_2qrmak
650 1 4 _aDroit de procédure pénale
651 1 _2qrmak
856 4 0 _uhttps://fll.law.cu.edu.eg/fulltext/bks/B10-10580.pdf
905 _a161
942 _2ddc
_cBK
_e21
_n0
999 _c72781
_d72781